LEADER 00719nam a2200217 i 4500 001 000000240516 003 CaOOAMICUS 005 20150331000000.0 008 150331s1943 it u000 u ita u 013 $a219421 040 $aSeMil$bita 100 1 $aMondrone, Domenico .$0(OLS)http://semarc/name/6125 245 10$a2. 300 $a355 p. 500 $aFondo card. Giovanni Colombo. 773 0 $aMondrone, Domenico $tScrittori al traguardo.$dRoma : La Civiltą Cattolica, 1943.$w()31685 850 $aSeMil 852 $aSeMil$W1$xVenegono$y1$m3GC I 343/2$j190862$B190862$CSeMilBibl$Z2$F202484 $8B 941 1 $a3 961 $aLascito: Colombo Card. Giovanni 996 $6245$a2$9(OLS)http://semarc/title/46889 LEADER 01205nam a2200289 i 4500 001 000000077474 003 CaOOAMICUS 005 20260413113128.0 008 010827s1979 it u000 u ita u 013 $a48646 040 $aSeMil$bita 100 1 $aStolz, Anselm,$c.$0(OLS)http://semarc/name/1082 240 10$aTheologie der Mystik.$0(OLS)http://semarc/title/125816 245 13$aLa scala del paradiso :$bteologia della mistica /$cAnselm Stolz ; introduzione di Benedetto Calati. 250 $a3. ed. 260 $aBrescia :$bMorcelliana,$c1979. 300 $aXXXV, 142 p. ;$c21 cm. 490 0 $aReprints 650 4$aTeologia della mistica.$0(OLS)http://semarc/subject/9096 700 1 $aCalati, Benedetto,$c.$0(OLS)http://semarc/name/16966 830 0$aReprints.$0(OLS)http://semarc/title/24983 850 $aSeMil 852 $aSeMil$W1$xVenegono$y1$m2C III 221$j43626$B43626$CSeMilBibl$Z2$F43593 $81 961 $aOmaggio: Marinoni don Giuseppe 996 $6245$aLa scala del paradiso :$bteologia della mistica$9(OLS)http://semarc/title/125815 996 $6260$aBrescia :$bMorcelliana$9(OLS)http://semarc/publisher/29629 LEADER 01153nam a2200253 i 4500 001 000000113243 003 CaOOAMICUS 005 20030319000000.0 008 030319s2002 it u000 u mul u 013 $a85929 040 $aSeMil$bita 245 10$aGiornata di preghiera per la pace nel mondo :$bAssisi, Piazza San Francesco, 24 gennaio 2002. 246 04$iTitolo in copertina:$aTogether for peace : Assisi, 24 January 2002 260 $a[S.l. :$bs.n.,$c2002?]$e(Cittą del Vaticano :$fTipografia Vaticana,$g2002?]) 300 $a108 p :$bill. ;$c21 cm. 500 $aFondo Card. C.M. Martini. 650 4$aPace - Preghiera - Testi.$0(OLS)http://semarc/subject/20518 850 $aSeMil 852 $aSeMil$W1$xVenegono$y1$m3K II 65$j68946$B68946$CSeMilBibl$Z2$F91992 $81 941 1 $a4 961 $aOmaggio: Martini Card. Carlo Maria 996 $6245$aGiornata di preghiera per la pace nel mondo :$bAssisi, Piazza San Francesco, 24 gennaio 2002$9(OLS)http://semarc/title/165299 996 $6246$aTogether for peace : Assisi, 24 January 2002$9(OLS)http://semarc/title/165300 996 $6260$a[S.l. :$bs.n.$9(OLS)http://semarc/publisher/31686